00387nam a2200097Ia 4500008004100000040002900041050003100070100002600101245012800127260003400255230222s9999||||xx |||||||||||||| ||und|| cChuka University Library aBSL THE HG 5740 bG58 2015 aGitari, Agnes Muthoni 0aFactors influencing effective utilization of constituency development funds in Mbeere south constituency Embu county, Kenya aChuka UniversitybChukac2015